000 00758nam a2200217Ia 4500
005 20241129111029.0
008 241129s9999||||xx |||||||||||||| ||und||
020 _a978-93-80441-74-0
037 _aTB
040 _aCRL
_bhin
_cCRL
041 _ahin
_2hin
084 _aO152,1N23x R2
_qCRL
100 _aचतुर्वेदी, नन्द, ले.
245 0 _aहम नयी कविताएॅं लिखते हैं
_cचतुर्वेदी, नन्द, ले.
260 _aनोएडा, भारत
_bवाग्देवी प्रकाशन
_c2022
300 _a150पृ0
365 _aINR
_b199
650 _aHindi literaturePoetry
942 _cTB
_hO152,1N23x R2
999 _c1228617
_d1228617